Memoir A.F.YASSIN : (Record no. 183991)
[ view plain ]
| 000 -LEADER | |
|---|---|
| fixed length control field | 01213pam a2200373 i 4500 |
| 001 - CONTROL NUMBER | |
| control field | vtls000768171 |
| 003 - CONTROL NUMBER IDENTIFIER | |
| control field | PNM |
| 005 - DATE AND TIME OF LATEST TRANSACTION | |
| control field | 20210519092953.0 |
| 008 - FIXED-LENGTH DATA ELEMENTS--GENERAL INFORMATION | |
| fixed length control field | 150414t20152015my ao e 000 0amay |
| 015 ## - NATIONAL BIBLIOGRAPHY NUMBER | |
| National bibliography number | M15-08499 |
| National bibliography number | M15-08194 |
| 020 ## - INTERNATIONAL STANDARD BOOK NUMBER | |
| International Standard Book Number | 9789834044565 |
| Qualifying information | paperback |
| 039 #9 - LEVEL OF BIBLIOGRAPHIC CONTROL AND CODING DETAIL [OBSOLETE] | |
| Level of rules in bibliographic description | 201512311212 |
| Level of effort used to assign nonsubject heading access points | aidayas |
| Level of effort used to assign subject headings | 201512311211 |
| Level of effort used to assign classification | aidayas |
| Level of effort used to assign subject headings | 201508281538 |
| Level of effort used to assign classification | hishamuddin |
| Level of effort used to assign subject headings | 201508171010 |
| Level of effort used to assign classification | rasidah |
| 040 ## - CATALOGING SOURCE | |
| Original cataloging agency | BNM |
| Language of cataloging | eng |
| Transcribing agency | BNM |
| Description conventions | rda |
| Modifying agency | PPAK |
| 049 ## - LOCAL HOLDINGS (OCLC) | |
| Holding library | mal |
| 082 04 - DEWEY DECIMAL CLASSIFICATION NUMBER | |
| Edition number | 23 |
| Classification number | 928.9923 |
| 090 00 - LOCALLY ASSIGNED LC-TYPE CALL NUMBER (OCLC); LOCAL CALL NUMBER (RLIN) | |
| Classification number (OCLC) (R) ; Classification number, CALL (RLIN) (NR) | 928.9923 |
| Feature heading | AFY |
| Feature heading | KAO |
| 100 0# - MAIN ENTRY--PERSONAL NAME | |
| Personal name | A. F. Yassin |
| Fuller form of name | (Ahmad Fadzil Hj. Yassin), |
| Dates associated with a name | 1944- |
| Relator term | author. |
| 245 10 - TITLE STATEMENT | |
| Title | Memoir A.F.YASSIN : |
| Remainder of title | selagi dakwat mengalir... / |
| Statement of responsibility, etc. | [Ahmad Fadzil Yassin] |
| 264 #1 - PRODUCTION, PUBLICATION, DISTRIBUTION, MANUFACTURE, AND COPYRIGHT NOTICE | |
| Place of production, publication, distribution, manufacture | Rawang, Selangor : |
| Name of producer, publisher, distributor, manufacturer | AFY COMMUNICATIONS, |
| Date of production, publication, distribution, manufacture, or copyright notice | 2015 |
| Date of production, publication, distribution, manufacture, or copyright notice | ©2015 |
| 300 ## - PHYSICAL DESCRIPTION | |
| Extent | xxvi, 450 pages : |
| Other physical details | colour photographs ; |
| Dimensions | 22 cm |
| 336 ## - CONTENT TYPE | |
| Content type term | text |
| Source | rdacontent |
| 337 ## - MEDIA TYPE | |
| Media type term | unmediated |
| Source | rdamedia |
| 338 ## - CARRIER TYPE | |
| Carrier type term | volume |
| Source | rdacarrier |
| 600 00 - SUBJECT ADDED ENTRY--PERSONAL NAME | |
| Personal name | A. F. Yassin |
| Fuller form of name | (Ahmad Fadzil Hj. Yassin), |
| Dates associated with a name | 1944- |
| 650 10 - SUBJECT ADDED ENTRY--TOPICAL TERM | |
| Topical term or geographic name entry element | Authors, Malay |
| Geographic subdivision | Malaysia |
| Form subdivision | Biography |
| Topical term or geographic name entry element | Autobiography |
| General subdivision | Authorship |
| 942 ## - ADDED ENTRY ELEMENTS (KOHA) | |
| Source of classification or shelving scheme | Dewey Decimal Classification |
| Koha item type | Book |
| 949 ## - LOCAL PROCESSING INFORMATION (OCLC) | |
| 6 | 2000497885 |
| 6 | 2000497886 |
| 6 | 2000473030 |
| 6 | 2000473021 |
| Withdrawn | Not for loan | Current library | Shelving location | Date acquired | Total Checkouts | Full call number | Barcode | Date last seen | Koha item type |
|---|---|---|---|---|---|---|---|---|---|
| Not For Loan | Perpustakaan Jitra | Koleksi Asmah Haji Omar | 08/08/2021 | KAO 928.9923 AFY | KAO000079 | 08/08/2021 | Book |